Attitude is Every Thing (Record no. 10638)

MARC details
000 -LEADER
fixed length control field 00341nam a22001457a 4500
003 - CONTROL NUMBER IDENTIFIER
control field OSt
008 - FIXED-LENGTH DATA ELEMENTS--GENERAL INFORMATION
fixed length control field 210519b ||||| |||| 00| 0 eng d
020 ## - INTERNATIONAL STANDARD BOOK NUMBER
International Standard Book Number 9789351772071
100 ## - MAIN ENTRY--PERSONAL NAME
Personal name KELLER,Jeff
245 ## - TITLE STATEMENT
Title Attitude is Every Thing
260 ## - PUBLICATION, DISTRIBUTION, ETC. (IMPRINT)
Place of publication, distribution, etc Noida
Name of publisher, distributor, etc Harper Collins
Date of publication, distribution, etc 2017
300 ## - PHYSICAL DESCRIPTION
Extent 128
650 ## - SUBJECT ADDED ENTRY--TOPICAL TERM
Topical term or geographic name as entry element Applied Sc
942 ## - ADDED ENTRY ELEMENTS (KOHA)
Source of classification or shelving scheme Dewey Decimal Classification
Koha item type Text Books
942 ## - ADDED ENTRY ELEMENTS (KOHA)
-- 29
Holdings
Withdrawn status Lost status Source of classification or shelving scheme Damaged status Not for loan Collection code Home library Current library Date acquired Source of acquisition Currency Cost, normal purchase price Bill Number Total Checkouts Full call number Acc. no. / Barcode Date last seen Date last borrowed Actual Cost, discounted price Bill Date Koha item type Public note
    Dewey Decimal Classification     GENERAL PIET C-LIBRARY PIET C-LIBRARY 15/04/2021 Kirti Praskshan IN Rupees 199.00 IN2047 1 658.314 KEA 32813 17/03/2026 27/06/2025 149.25 15/04/2021 Text Books  
    Dewey Decimal Classification     GENERAL PIET C-LIBRARY PIET C-LIBRARY 15/04/2021 Kirti Praskshan IN Rupees 199.00 IN2047 9 658.314 KEA 32814 11/05/2023 01/05/2023 149.25 15/04/2021 Text Books Language
    Dewey Decimal Classification     GENERAL PIET C-LIBRARY PIET C-LIBRARY 15/04/2021 Kirti Praskshan IN Rupees 199.00 IN2047 13 658.314 KEA 32815 11/11/2024 25/10/2024 149.25 15/04/2021 Text Books  
    Dewey Decimal Classification     GENERAL PIET C-LIBRARY PIET C-LIBRARY 15/04/2021 Kirti Praskshan IN Rupees 199.00 IN2047 10 658.314 KEA 32816 22/02/2023 07/02/2023 149.25 15/04/2021 Text Books  
    Dewey Decimal Classification     GENERAL PIET C-LIBRARY PIET C-LIBRARY 15/04/2021 Kirti Praskshan IN Rupees 199.00 IN2047 6 658.314 KEA 32817 27/09/2022 12/09/2022 149.25 15/04/2021 Text Books Motivational

Design & Developed by: PIET Central Library
R70 Miles Stone Pattikalyana Samalkha Panipat 132102
mail ID :- [email protected], Phone No:- 0180-2569700 Ex.216